1325 1668 1920 1752 1845 1453 1079 1260 1010 1977 1641 1457 1478 1557 1607 1869 1897 1225 1907 1612 1753 1296 1077 1439 1854 1871 1397 1317 1642 1286 1296 1179 1691 1010 1382 1348 1686 1966 1201 1851 1821 1550 1050 1093 1743 1940 1534 1232 1524 1822 1864 1040 1815 1312 1411 1071 1885 1450 1490 1627 1923 1271 1686 1681 1745 1116 1673 1157 1162 1504 1633 1807 1197 1453 1800 1919 1647 1178 1693 1543 1361 1045 1816 1521 1673 1552 1600 1824 1615 1484 1357 1136 1593 1337 1173 1723 1539 1568 1971 BCNSPRNW ULIB Ver.6.0+V

เปลี่ยนเป็นภาษาไทย

Change to English
 แสดงรายละเอียดบรรณานุกรม
  กลับหน้าหลัก

Brief Record : Get Marc (ISO 2709) : E-mail record : QR code < ปิดหน้าต่าง
LEADER : 00000nam 2200000uu 4500
001    13399110817
003     ULIB
008    110609s2010||||th 000 0 eng d
024    9780763761349
060  4 WQ165^bD981p 2010
100 0  Lauren A Dutton
245 00 A pocket guide to clinical midwifery : the efficient midwife ^cby Lauren A Dutton, Jessica E Densmore and Meredith B Turner
260    Sudbury,MA:^bJones and Bartlett,^c2010
300    358 p:^bill.
650  4 Midwifery^xHandbook
700 0  Jessica E Densmore
700 0  Meredith B Turner Book
945    ^p1400^l0^i030135
995    Kesorn
999 ^a ใช้งานได้ทุกระบบ
รายการนี้ยังไม่มีแท็ก
คุณยังไม่ได้ล็อกอิน คุณสามารถมีกิจกรรมร่วมกับเว็บไซต์ได้ แต่ต้องล็อกอินก่อน ::
  ล็อกอิน

รายการสื่อสารสนเทศ

ลำดับที่ ประเภท เลขเรียก/บาร์โค้ด สถานที่ สถานะ
- ไม่พบข้อมูล -

BibComment


ยังไม่เคยถูกคอมเมนท์

คอมเมนท์ทรัพยากรรายการนี้
  คอมเมนท์: A pocket guide to..


 Copyright 2026. Bcnsprnw @Library